000 00629nam a22001457a 4500
020 _a978-0-099-47501-9
082 _a823
_bFAU/S
100 _aFAULKNER
245 _aTHE SOUND AND THE FURY
260 _aLONDON
_bVINTAGE BOOKS
_c1995
300 _a271
520 _aThe Sound and the Fury, novel by William Faulkner, published in 1929, that details the destruction and downfall of the aristocratic Compson family from four different points of view. Faulkner's fourth novel, The Sound and the Fury is notable for its nonlinear plot structure and its unconventional narrative style
650 _aNOVEL
_zUNITED KINGDOM
942 _cBK
999 _c3264
_d3264